|
|
|
|
| LEADER |
02161nam a2200433 i 4500 |
| 001 |
nkc20243653795 |
| 003 |
CZ PrNK |
| 005 |
20251021081244.0 |
| 007 |
ta |
| 008 |
241206s2024 xr g 000 p cze |
| 015 |
|
|
|a cnb003653795
|
| 020 |
|
|
|a 978-80-7443-541-6
|q (brožováno)
|
| 035 |
|
|
|a (OCoLC)1505964084
|
| 040 |
|
|
|a ABG001
|b cze
|d BOA001
|e rda
|
| 072 |
|
7 |
|a 821.162.3-1
|x Česká poezie
|2 Konspekt
|9 25
|
| 080 |
|
|
|a 821.162.3-1
|2 MRF
|
| 080 |
|
|
|a (0:82-1)
|2 MRF
|
| 100 |
1 |
|
|a Vaněk, Jakub,
|d 1992-
|7 av2018998255
|4 aut
|
| 245 |
1 |
0 |
|a Při pohledu ze Země má podhoubí tvar vody /
|c vanjek
|
| 250 |
|
|
|a Vydání první
|
| 264 |
|
1 |
|a Brno :
|b Větrné mlýny,
|c 2024
|
| 300 |
|
|
|a 47 stran ;
|c 19 cm
|
| 336 |
|
|
|a text
|b txt
|2 rdacontent
|
| 337 |
|
|
|a bez média
|b n
|2 rdamedia
|
| 338 |
|
|
|a svazek
|b nc
|2 rdacarrier
|
| 490 |
1 |
|
|a Mlat ;
|v svazek 14
|
| 500 |
|
|
|a Na titulní stránce a obálce jméno autora přeškrtnuto
|
| 500 |
|
|
|a Obsahuje QR kód s přístupem k audioverzi publikace
|
| 520 |
2 |
|
|a Básnická prvotina Jakuba Vaňka, doktoranda na Ústavu české literatury a komparatistiky a redaktora časopisu Plav.
|b Ani dystopie, ani virtualita, ani fantazie. Protože neexistuje odstup. Nic není dáno předem. Každým krokem vznikáme a zanikáme spolu se Zemí. Člověk, zvíře, houboviště, shluk věcí, myšlenek, ostrovů a... jsme všichni jedno tělo. Psychedelicky se v něm převalujeme jako hlad, jako vzájemná starost. Vše je možné, vše je vtělené. Prožívání jako fundamentální vlastnost hmoty. Fikce stojí stranou. A ještě ta těla nepochytitelných slov ... Ještě společně vzdálit skutečnost od dokončení. Nakladatelská anotace. Kráceno.
|
| 655 |
|
7 |
|a česká poezie
|7 fd133958
|2 czenas
|
| 655 |
|
9 |
|a Czech poetry
|2 eczenas
|
| 830 |
|
0 |
|a Mlat
|0 s
|
| 910 |
2 |
|
|a BOA001
|b 1-1537.697
|
| 920 |
|
|
|a 5040221
|z ABG001
|
| 990 |
|
|
|a BK
|
| 995 |
|
|
|a 01
|
| 991 |
|
|
|b 202501
|c NOV
|
| 996 |
6 |
|
|b 2610992935
|c 1-1537.697
|l MZK
|r Sklad / do 1 hodiny
|n 0
|p p.v.
|w 001992207
|u 000010
|a 1
|e BOA001
|j MZK50
|s P
|
| 996 |
7 |
|
|b 2610992936
|c 1-1537.697
|l MZK
|r Sklad / do 1 hodiny
|n 0
|p p.v.
|w 001992207
|u 000020
|a 1
|e BOA001
|j MZK50
|s A
|